000 00527nam a2200205Ia 4500
003 GCL
008 140319s9999 xx 000 0 eng d
040 _aGCL /
_cGCL
082 0 4 _a839.9
_bTC
100 1 _aTROYES, CHRETIEN
245 1 0 _aLE CONTE DU GRAAL OU LE ROMAN DE PERCEVAL /
_cTROYES, CHRETIEN
260 _a[S.N] :
_bLE LIVRE DE POCHE ،
_c1990
300 _a640
650 0 4 _aLITERATURE
650 0 4 _aGOTHIC LITERATURE
650 0 4 _aGOTHIC
650 0 4 _aLETTERS
650 0 4 _aGOTHIC LETTERS
942 _2ddc
_cBK
999 _c25355
_d25355